Las Colonias y lo spaíses dependientes: diferencias históricas /
Đã lưu trong:
| Tác giả chính: | |
|---|---|
| Định dạng: | Texto |
| Các nhãn: |
Thêm thẻ
Không có thẻ, Là người đầu tiên thẻ bản ghi này!
|
MARC
| LEADER | 00000 a a2200000 04500 | ||
|---|---|---|---|
| 001 | 3177 | ||
| 003 | |||
| 040 | |||
| 100 | |a Shirokov, Gleri | ||
| 245 | |a Las Colonias y lo spaíses dependientes: |b diferencias históricas / |c Gleri Shirokov | ||
| 773 | |g número 3; páginas 173-181 | ||
| 999 | |c 26009 |d 26009 | ||
